| 000 | 00954nam a22003137a 4500 | ||
|---|---|---|---|
| 001 | 000422 | ||
| 003 | DO-SdBPM | ||
| 005 | 20250806131239.0 | ||
| 007 | ta | ||
| 008 | 1607261988 sp ||| 00| 0 spa d | ||
| 020 | _a8423309142 | ||
| 040 |
_aDO-SdBPM _bspa _cBPMSU _erda |
||
| 082 | 4 |
_a863.6 _bS474r 1988 _222 |
|
| 100 | 1 |
_aSender, Ramón J., _d1901-1982. _eautor |
|
| 245 | 1 | 0 |
_aRéquiem por un campesino español / _cRamón J. Sender. |
| 250 | _a15ª ed. | ||
| 264 |
_aBarcelona : _bDestino, _c1988. |
||
| 300 |
_a105 páginas ; _c18 cm. |
||
| 336 |
_atexto _btxt _2rdacontent |
||
| 337 |
_asin mediación _bn _2rdamedia |
||
| 338 |
_avolumen _bnc _2rdacarrier |
||
| 490 | 0 |
_aDestinolibro, _v15 |
|
| 590 | _aInventariado, 2025/VM | ||
| 650 | 7 | _aNovela española. | |
| 650 | 7 |
_aCampesinos _zEspaña _vNovela. |
|
| 651 | 7 |
_aEspaña _xVida religiosa y costumbres _vNovela. |
|
| 910 | _aVMateo V. Control de calidad. BPMSU | ||
| 942 |
_2ddc _cBK |
||
| 999 |
_c11033 _d11033 |
||